[Event "Schachfestival 2018 Open"]
[Site "Bad Woerishofen"]
[Date "2018.02.24"]
[Round "2.19"]
[White "Johnsen, Gunnar"]
[Black "Boldt, Heinrich"]
[Result "1-0"]
[WhiteElo "2174"]
[BlackElo "1853"]
[Annotator "chessorg"]
[PlyCount "61"]
[EventDate "2018.??.??"]
[WhiteTeam "Tromsø Sjakklubb"]
[BlackTeam "TSV Kareth-Lappersdorf"]

1. c4 Nf6 2. Nc3 c6 3. e4 d6 4. d4 Nbd7 5. Nf3 e5 6. Be2 Be7 7. O-O Qc7 8. h3
Nf8 9. Be3 Ng6 10. Rc1 Bd7 11. Qd2 h6 12. b4 exd4 13. Nxd4 Qc8 14. f4 h5 15.
Nf3 h4 16. f5 Ne5 17. Nxe5 dxe5 18. c5 Nh5 19. Bg5 Qd8 20. Bxe7 Qxe7 21. Bxh5
Rxh5 22. Qe2 Qg5 23. Nd1 O-O-O 24. Ne3 Rdh8 25. Nc4 Qe7 26. Nd6+ Kc7 27. a4 Bc8
28. Qc4 Rf8 29. b5 g6 30. f6 Qe6 31. Qb4 1-0

[Event "Schachfestival 2018 Open"]
[Site "Bad Woerishofen"]
[Date "2018.02.24"]
[Round "2.20"]
[White "Friedrich, Norbert"]
[Black "Auschkalnis, Reinhard"]
[Result "1-0"]
[WhiteElo "2277"]
[BlackElo "1755"]
[Annotator "chessorg"]
[PlyCount "31"]
[EventDate "2018.??.??"]
[BlackTeam "SC Bonn Beuel"]

1. e4 c5 2. Nf3 e6 3. d4 cxd4 4. Nxd4 Nc6 5. Nb5 d6 6. c4 a6 7. N5c3 Nf6 8. Be2
Be7 9. O-O O-O 10. Be3 Bd7 11. Na3 Rb8 12. Rc1 Qa5 13. Bf4 Ne5 14. c5 Qc7 15.
Bg3 dxc5 16. Nc4 1-0

[Event "Schachfestival 2018 Open"]
[Site "Bad Woerishofen"]
[Date "2018.02.24"]
[Round "2.21"]
[White "Kuempers, Ulrich"]
[Black "Vorobiov, Evgeny"]
[Result "0-1"]
[WhiteElo "2020"]
[BlackElo "2548"]
[Annotator "chessorg"]
[PlyCount "62"]
[EventDate "2018.??.??"]
[WhiteTeam "SC Tarrasch 45 Muenchen"]

1. d4 d6 2. c4 e5 3. Nf3 Nd7 4. Nc3 g6 5. g3 Bg7 6. Bg2 Ngf6 7. O-O O-O 8. e4
c6 9. h3 Qa5 10. Be3 Qb4 11. Qe2 exd4 12. a3 Qa5 13. Nxd4 Re8 14. b4 Qc7 15.
Rac1 a5 16. Rfd1 axb4 17. axb4 Nf8 18. Qd3 N6d7 19. f4 Ra3 20. Qd2 Qb8 21. Qb2
Ra8 22. Qb3 Nf6 23. e5 dxe5 24. fxe5 Nh5 25. Nxc6 bxc6 26. Bxc6 Rxe5 27. Nd5
Rxd5 28. Bxd5 Qxg3+ 29. Bg2 Bxh3 30. Rc2 Bd4 31. Rxd4 Ra1+ 0-1

[Event "Schachfestival 2018 Open"]
[Site "Bad Woerishofen"]
[Date "2018.02.24"]
[Round "2.27"]
[White "Schaefer, Michael"]
[Black "Mack, Thomas"]
[Result "1/2-1/2"]
[WhiteElo "2157"]
[BlackElo "1970"]
[Annotator "chessorg"]
[PlyCount "32"]
[EventDate "2018.??.??"]
[WhiteTeam "FB80 Moerlenbach-Birkenau"]
[BlackTeam "Tarrasch-1945 Muenchen"]

1. d4 d5 2. Nf3 c5 3. dxc5 e6 4. c4 Bxc5 5. e3 Nf6 6. a3 a5 7. Nc3 Nc6 8. cxd5
exd5 9. Nb5 O-O 10. Be2 Qe7 11. O-O Bg4 12. Re1 Rad8 13. Nfd4 Bxe2 14. Rxe2 Qe5
15. Nxc6 bxc6 16. Rc2 d4 1/2-1/2

[Event "Schachfestival 2018 Open"]
[Site "Bad Woerishofen"]
[Date "2018.02.24"]
[Round "2.35"]
[White "Battistella, Stefano"]
[Black "Distelrath, Oliver"]
[Result "1-0"]
[WhiteElo "2051"]
[BlackElo "1962"]
[Annotator "chessorg"]
[PlyCount "65"]
[EventDate "2018.??.??"]
[BlackTeam "SV Unser Fritz Wanne-Eickel 1955 e.V."]

1. c4 e5 2. Nc3 Nc6 3. g3 f5 4. Bg2 Nf6 5. d3 Bb4 6. Bd2 O-O 7. Nd5 Bxd2+ 8.
Qxd2 d6 9. e3 Ne7 10. Ne2 c6 11. Nxf6+ Rxf6 12. d4 Qc7 13. dxe5 dxe5 14. Rd1
Be6 15. b3 Re8 16. O-O Bc8 17. c5 Ng6 18. e4 f4 19. f3 Nf8 20. Qc3 Qf7 21. Rd6
Rxd6 22. cxd6 g5 23. g4 h5 24. h3 hxg4 25. hxg4 Qe6 26. Rd1 Kg7 27. Nc1 Rd8 28.
Qc5 a6 29. Bf1 Nd7 30. Qa5 Rh8 31. Qc7 Kf6 32. Rd2 Nf8 33. d7 1-0

[Event "Schachfestival 2018 Open"]
[Site "Bad Woerishofen"]
[Date "2018.02.24"]
[Round "2.45"]
[White "Astengo, Corrado"]
[Black "Lindenmair, Anton"]
[Result "1-0"]
[WhiteElo "2160"]
[BlackElo "1993"]
[Annotator "chessorg"]
[PlyCount "59"]
[EventDate "2018.??.??"]
[BlackTeam "DBSB"]

1. d4 Nf6 2. Nf3 g6 3. c4 Bg7 4. Nc3 O-O 5. e4 d6 6. Be2 e5 7. Be3 Nc6 8. d5
Ne7 9. Nd2 Nd7 10. b4 f5 11. f3 Nf6 12. c5 f4 13. Bf2 g5 14. Nc4 Ne8 15. a4 Ng6
16. Rc1 Rf7 17. Qb3 h5 18. a5 g4 19. cxd6 Nxd6 20. Kd2 Bd7 21. Na4 Bxa4 22.
Qxa4 b5 23. axb6 axb6 24. Qb3 Bh6 25. Nxd6 cxd6 26. Rc6 Rfa7 27. Rhc1 Ra2+ 28.
R1c2 Rxc2+ 29. Qxc2 Rb8 30. Bxb6 1-0

[Event "Schachfestival 2018 Open"]
[Site "Bad Woerishofen"]
[Date "2018.02.24"]
[Round "2.52"]
[White "Fiedler, Wolfgang"]
[Black "Wahl, Peter"]
[Result "1-0"]
[WhiteElo "2006"]
[BlackElo "1820"]
[Annotator "chessorg"]
[PlyCount "47"]
[EventDate "2018.??.??"]
[WhiteTeam "SK Zirndorf e.V."]

1. f4 g6 2. Nf3 Bg7 3. e4 d5 4. e5 c5 5. c3 Nc6 6. d4 b6 7. Bb5 Bb7 8. Be3 c4
9. Ba4 h5 10. b3 a6 11. bxc4 Nh6 12. cxd5 Qxd5 13. Bb3 Qe4 14. Qe2 Nf5 15.
Bxf7+ Kf8 16. Bxg6 Qxe3 17. Bxf5 Qxf4 18. O-O Bh6 19. Nh4 Qxh4 20. Bc8+ Bf4 21.
g3 Rg8 22. Bxb7 Rxg3+ 23. hxg3 Qxg3+ 24. Qg2 1-0

[Event "Schachfestival 2018 Open"]
[Site "Bad Woerishofen"]
[Date "2018.02.24"]
[Round "3.1"]
[White "Dittmar, Peter"]
[Black "Burmakin, Vladimir"]
[Result "1/2-1/2"]
[WhiteElo "2298"]
[BlackElo "2528"]
[Annotator "chessorg"]
[PlyCount "65"]
[EventDate "2018.??.??"]
[WhiteTeam "SC Freibauer Moerlenbach-Birkenau"]
[BlackTeam "SF 90 Spraitbach e.V."]

1. d4 Nf6 2. Nc3 d5 3. Bf4 c6 4. e3 Qb6 5. Na4 Qa5+ 6. c3 Nbd7 7. b4 Qd8 8. Bd3
e6 9. Nf3 Be7 10. h3 a5 11. a3 O-O 12. O-O Nb6 13. Nxb6 Qxb6 14. Qc2 h6 15.
Rab1 axb4 16. axb4 Bd7 17. Ra1 Rfc8 18. Bh2 Qd8 19. Qb2 Be8 20. Rxa8 Rxa8 21.
Ra1 b6 22. Ra2 Qc8 23. Qa1 Rxa2 24. Qxa2 Qb7 25. Bg3 c5 26. bxc5 bxc5 27. c4
Bc6 28. Ne5 dxc4 29. Bxc4 Bd5 30. Bxd5 Nxd5 31. dxc5 Bxc5 32. Nd3 Be7 33. Qb2
1/2-1/2

[Event "Schachfestival 2018 Open"]
[Site "Bad Woerishofen"]
[Date "2018.02.24"]
[Round "3.3"]
[White "Cebalo, Miso"]
[Black "Naumkin, Igor"]
[Result "1/2-1/2"]
[WhiteElo "2287"]
[BlackElo "2430"]
[Annotator "chessorg"]
[PlyCount "91"]
[EventDate "2018.??.??"]

1. Nf3 Nf6 2. c4 e6 3. d4 b6 4. a3 Bb7 5. Nc3 d5 6. Bg5 Be7 7. e3 O-O 8. Rc1
Nbd7 9. cxd5 exd5 10. Bd3 c5 11. O-O Ne4 12. Bf4 Nxc3 13. Rxc3 c4 14. Bb1 b5
15. Ne5 Nxe5 16. Bxe5 g6 17. Qf3 f6 18. Bg3 f5 19. Be5 Qd7 20. g3 a5 21. h4 Ra6
22. Qf4 b4 23. axb4 axb4 24. Rcc1 b3 25. Kg2 Re6 26. f3 Bd8 27. g4 Rxe5 28.
dxe5 fxg4 29. Qxg4 Qxg4+ 30. fxg4 Re8 31. e4 Rxe5 32. g5 dxe4 33. Rxc4 e3+ 34.
Kg3 e2 35. Re1 Ba5 36. Kf2 Ba6 37. Ra4 Kf7 38. Be4 Bxe1+ 39. Kxe1 Bb5 40. Rd4
Ke6 41. Bd3 Bxd3 42. Rxd3 Re4 43. Rxb3 Kf5 44. Rb7 Rxh4 45. Rb5+ Ke6 46. Kxe2
1/2-1/2

[Event "Schachfestival 2018 Open"]
[Site "Bad Woerishofen"]
[Date "2018.02.24"]
[Round "3.4"]
[White "Fischer, Daniel"]
[Black "Lalic, Bogdan"]
[Result "1/2-1/2"]
[WhiteElo "2164"]
[BlackElo "2401"]
[Annotator "chessorg"]
[PlyCount "64"]
[EventDate "2018.??.??"]
[WhiteTeam "SC Dreilaendereck"]

1. e4 c5 2. Nf3 Nc6 3. d4 cxd4 4. Nxd4 g6 5. Nc3 Bg7 6. Nb3 Nf6 7. Be2 O-O 8.
O-O d6 9. Re1 b6 10. Bf1 Bb7 11. Nd5 Nd7 12. c3 e6 13. Ne3 Nc5 14. Nc2 Rc8 15.
f3 a6 16. Be3 Na4 17. Rb1 b5 18. Qd2 Ne5 19. Bd4 f6 20. Bf2 Qc7 21. Ne3 Bh6 22.
Nd4 Qf7 23. Qc2 Nc5 24. Rbd1 f5 25. exf5 exf5 26. a3 Rce8 27. h3 Bf4 28. Rc1
Kh8 29. Rcd1 Qf6 30. Kh1 Qg5 31. c4 bxc4 32. Nxc4 Nxc4 1/2-1/2

[Event "Schachfestival 2018 Open"]
[Site "Bad Woerishofen"]
[Date "2018.02.24"]
[Round "3.5"]
[White "Johnsen, Gunnar"]
[Black "Pirrot, Dieter"]
[Result "0-1"]
[WhiteElo "2174"]
[BlackElo "2364"]
[Annotator "chessorg"]
[PlyCount "80"]
[EventDate "2018.??.??"]
[WhiteTeam "Tromsø Sjakklubb"]
[BlackTeam "SV 1920 Hofheim"]

1. d4 Nf6 2. Nf3 d5 3. c4 e6 4. Nc3 Bb4 5. cxd5 exd5 6. Bg5 Qd6 7. Bxf6 Qxf6 8.
Qa4+ Nc6 9. e3 O-O 10. Be2 Be6 11. O-O a6 12. Rfc1 Bd6 13. Qd1 Rad8 14. Na4 Ne7
15. Nc5 Bc8 16. b4 g5 17. g3 Qg7 18. Qb3 Kh8 19. Nd3 f6 20. a4 h5 21. Bf1 Rg8
22. Bg2 Qh7 23. b5 axb5 24. axb5 h4 25. Kf1 h3 26. Bh1 Bf5 27. Nc5 Rb8 28. Ne1
b6 29. Na6 Rbc8 30. Nb4 Be4 31. f3 Bg6 32. Nxd5 Bf7 33. e4 Nxd5 34. exd5 Bg6
35. Kf2 Rge8 36. Rc3 Re7 37. Re3 Rce8 38. Rxe7 Qxe7 39. Qd1 Qe3+ 40. Kf1 Bb4
0-1

[Event "Schachfestival 2018 Open"]
[Site "Bad Woerishofen"]
[Date "2018.02.24"]
[Round "3.6"]
[White "Vorobiov, Evgeny"]
[Black "Heller, Achim"]
[Result "1-0"]
[WhiteElo "2548"]
[BlackElo "2089"]
[Annotator "chessorg"]
[PlyCount "83"]
[EventDate "2018.??.??"]
[WhiteTeam "SF 90 Spraitbach e.V."]
[BlackTeam "Ennepe Ruhr Sued"]

1. e4 c6 2. Nf3 d5 3. Nc3 Nf6 4. e5 Ne4 5. Ne2 Qb6 6. d4 e6 7. Ng3 c5 8. Bd3
Nxg3 9. hxg3 Nc6 10. dxc5 Bxc5 11. Qe2 Bd7 12. c3 a5 13. Bf4 O-O-O 14. O-O h6
15. Rfc1 g5 16. b4 Bxf2+ 17. Qxf2 Qxf2+ 18. Kxf2 gxf4 19. gxf4 a4 20. Rab1 Ne7
21. Rh1 b6 22. Rh3 Kb7 23. Rbh1 Rc8 24. Nd4 Rhg8 25. Ne2 d4 26. Nxd4 Rg4 27.
Be4+ Nd5 28. Bxd5+ exd5 29. Rf3 Rcg8 30. g3 Rh8 31. Rh5 Rg7 32. f5 f6 33. exf6
Rf7 34. g4 Rg8 35. Rxh6 Rxg4 36. Rg6 Rh4 37. Rg7 Rh2+ 38. Kg1 Rh7 39. Rfg3 Kc7
40. Rxh7 Rxh7 41. Rg7 Rh6 42. f7 1-0

[Event "Schachfestival 2018 Open"]
[Site "Bad Woerishofen"]
[Date "2018.02.24"]
[Round "3.7"]
[White "Pavlovic, Milos"]
[Black "Witte, Manfred"]
[Result "1-0"]
[WhiteElo "2466"]
[BlackElo "2146"]
[Annotator "chessorg"]
[PlyCount "73"]
[EventDate "2018.??.??"]
[BlackTeam "VfB Hermsdorf e.V."]

1. Nf3 c5 2. c4 Nc6 3. Nc3 g6 4. g3 Bg7 5. Bg2 d6 6. d3 e6 7. O-O Nge7 8. Rb1
O-O 9. a3 Rb8 10. Bf4 a6 11. Qc1 b5 12. cxb5 axb5 13. b4 cxb4 14. axb4 e5 15.
Bh6 Bg4 16. Bxg7 Kxg7 17. Qb2 f6 18. h3 Bxf3 19. Bxf3 Qd7 20. Bg2 Rfc8 21. Rfc1
Nd4 22. e3 Ne6 23. Qb3 f5 24. Ra1 Rc7 25. Nd5 Nxd5 26. Bxd5 Rxc1+ 27. Rxc1 Kf6
28. Rc6 Rc8 29. Rb6 Rc1+ 30. Kh2 Nc7 31. Bg2 Ne6 32. Qd5 Ke7 33. Rb7 Nc7 34.
Qg8 Kf6 35. Rb8 Ne6 36. Bd5 Rc7 37. Rf8+ 1-0

[Event "Schachfestival 2018 Open"]
[Site "Bad Woerishofen"]
[Date "2018.02.24"]
[Round "3.8"]
[White "Mainka, Romuald"]
[Black "Tscharotschkin, Michael"]
[Result "0-1"]
[WhiteElo "2411"]
[BlackElo "2124"]
[Annotator "chessorg"]
[PlyCount "68"]
[EventDate "2018.??.??"]
[WhiteTeam "SC Hansa Dortmund e.V."]
[BlackTeam "SF 47 Neckartenzlingen"]

1. e4 e6 2. d3 d5 3. Qe2 Nf6 4. Nf3 Be7 5. g3 b6 6. e5 Nfd7 7. Bg2 Bb7 8. h4 c5
9. c4 dxc4 10. dxc4 Nc6 11. O-O Qc7 12. Re1 Nd4 13. Nxd4 cxd4 14. Bxb7 Qxb7 15.
Qg4 O-O-O 16. Nd2 h5 17. Qe2 g5 18. hxg5 h4 19. g4 Bxg5 20. Ne4 Be7 21. Bf4 d3
22. Qd2 h3 23. f3 Nc5 24. Kh2 Rd4 25. Nxc5 Qxf3 26. Rf1 Qe2+ 27. Rf2 Qxd2 28.
Bxd2 Bxc5 29. Rf4 Rhd8 30. Raf1 Rxf4 31. Rxf4 Rd4 32. Rxd4 Bxd4 33. b3 a5 34.
Kxh3 Bc5 0-1

[Event "Schachfestival 2018 Open"]
[Site "Bad Woerishofen"]
[Date "2018.02.24"]
[Round "3.9"]
[White "Singer, Christoph"]
[Black "Tennstedt, Andreas"]
[Result "1/2-1/2"]
[WhiteElo "2369"]
[BlackElo "2109"]
[Annotator "chessorg"]
[PlyCount "76"]
[EventDate "2018.??.??"]
[WhiteTeam "FC Bayern Muenchen e.V."]
[BlackTeam "SG Roedermark/Eppertshausen"]

1. e4 g6 2. d4 Bg7 3. Nc3 d5 4. exd5 Nf6 5. Bc4 Nbd7 6. Nf3 O-O 7. Bb3 Nb6 8.
h3 a5 9. a4 Nbxd5 10. Nxd5 Nxd5 11. O-O c6 12. Re1 Re8 13. c3 Bf5 14. Bg5 Qc7
15. Qd2 Rad8 16. Rad1 b6 17. Bh6 Qc8 18. Bxg7 Kxg7 19. Qc1 Qc7 20. Ne5 f6 21.
Ng4 Qf4 22. Ne3 Be6 23. Qd2 Bf7 24. Bc2 Nxe3 25. fxe3 Qg5 26. Qf2 Qd5 27. b3
Qd6 28. e4 e5 29. d5 cxd5 30. exd5 Qc5 31. c4 Qxf2+ 32. Kxf2 f5 33. Ke3 h5 34.
h4 Kf6 35. g3 Rd6 36. b4 Rc8 37. Bd3 Be8 38. bxa5 bxa5 1/2-1/2

[Event "Schachfestival 2018 Open"]
[Site "Bad Woerishofen"]
[Date "2018.02.24"]
[Round "3.11"]
[White "Friedrich, Norbert"]
[Black "Behling, Robert"]
[Result "1-0"]
[WhiteElo "2277"]
[BlackElo "2097"]
[Annotator "chessorg"]
[PlyCount "77"]
[EventDate "2018.??.??"]
[BlackTeam "TSV Haunstetten"]

1. e4 d6 2. d4 Nf6 3. Nc3 g6 4. Nf3 Bg7 5. h3 O-O 6. Be3 c5 7. dxc5 Qa5 8. Nd2
dxc5 9. Nb3 Qc7 10. Nxc5 b6 11. Nb3 Bb7 12. Bd3 Rd8 13. Qe2 Nc6 14. O-O Nh5 15.
Nb5 Qb8 16. c3 Ne5 17. Bc2 a6 18. N5d4 Qc7 19. Nd2 Nd7 20. Rfd1 Rac8 21. a4 e5
22. N4f3 Nf4 23. Qf1 Bf8 24. g3 Ne6 25. Ng5 Nxg5 26. Bxg5 f6 27. Be3 Kg7 28.
Nb3 a5 29. h4 Nc5 30. Nxc5 Bxc5 31. Bxc5 Qxc5 32. Rxd8 Rxd8 33. Rd1 Rd6 34.
Rxd6 Qxd6 35. Qd3 Qc6 36. Qd8 Bc8 37. Qe7+ Kh6 38. Bd1 Qc5 39. Qxf6 1-0

[Event "Schachfestival 2018 Open"]
[Site "Bad Woerishofen"]
[Date "2018.02.24"]
[Round "3.12"]
[White "De Santis, Alessio"]
[Black "Schoenberger, Peter"]
[Result "1-0"]
[WhiteElo "2223"]
[BlackElo "2057"]
[Annotator "chessorg"]
[PlyCount "61"]
[EventDate "2018.??.??"]
[BlackTeam "Caissa Schwarmstedt"]

1. d4 Nf6 2. c4 g6 3. Nc3 Bg7 4. e4 d6 5. Be2 O-O 6. Bg5 Na6 7. h4 h6 8. Be3 e5
9. d5 Nc5 10. f3 Nh5 11. Qd2 Kh7 12. g4 Nf4 13. O-O-O Nxe2+ 14. Ngxe2 Bd7 15.
h5 g5 16. Bxc5 dxc5 17. Qe3 Qe7 18. Rd2 Qd6 19. Rhd1 a6 20. Ng3 Qb6 21. d6 cxd6
22. Rxd6 Bc6 23. Nf5 Qb4 24. Qd3 Rae8 25. Nd5 Bxd5 26. Qxd5 Qa4 27. Kb1 b5 28.
Qc6 Re6 29. b3 Rxd6 30. Rxd6 Qb4 31. Rxh6+ 1-0

[Event "Schachfestival 2018 Open"]
[Site "Bad Woerishofen"]
[Date "2018.02.24"]
[Round "3.22"]
[White "Belz, Frank-Martin"]
[Black "Wenner, Tobias"]
[Result "1-0"]
[WhiteElo "2003"]
[BlackElo "2146"]
[Annotator "chessorg"]
[PlyCount "75"]
[EventDate "2018.??.??"]
[WhiteTeam "SK Freising"]
[BlackTeam "SK 1962 Ladenburg"]

1. Nf3 d5 2. d4 g6 3. c4 c6 4. Qb3 dxc4 5. Qxc4 Nf6 6. g3 Bg7 7. Bg2 O-O 8. O-O
Bf5 9. Nc3 Nbd7 10. e3 Nb6 11. Qe2 Bg4 12. h3 Bxf3 13. Qxf3 e5 14. dxe5 Nfd7
15. Qe2 Nxe5 16. Rd1 Qe7 17. Bd2 a5 18. b3 a4 19. Rab1 a3 20. f4 Ned7 21. Kh2
Rfd8 22. e4 Nc5 23. Be1 Ne6 24. e5 Nd4 25. Qe4 f5 26. Qe3 c5 27. Ne2 Nc2 28.
Qc3 Nxe1 29. Qxe1 h5 30. Nc3 Kh7 31. Nd5 Nxd5 32. Bxd5 Ra7 33. Qe2 h4 34. g4
fxg4 35. Qxg4 Bxe5 36. Be4 Bd4 37. Qxg6+ Kh8 38. Rxd4 1-0

[Event "Schachfestival 2018 Open"]
[Site "Bad Woerishofen"]
[Date "2018.02.24"]
[Round "3.25"]
[White "Mack, Thomas"]
[Black "Monninger, Moritz"]
[Result "0-1"]
[WhiteElo "1970"]
[BlackElo "2105"]
[Annotator "chessorg"]
[PlyCount "36"]
[EventDate "2018.??.??"]
[WhiteTeam "Tarrasch-1945 Muenchen"]
[BlackTeam "SK 1911 Herzogenaurach e.V."]

1. e4 e6 2. d4 d5 3. Nd2 Nc6 4. Ngf3 Nf6 5. e5 Nd7 6. Nb3 a5 7. a4 Be7 8. c3 f6
9. Bd3 fxe5 10. Nxe5 Ncxe5 11. dxe5 Nxe5 12. Qh5+ Nf7 13. Nd4 g6 14. Bxg6 hxg6
15. Qxg6 e5 16. Ne6 Bxe6 17. Qxe6 Qd7 18. Qg6 Ra6 0-1

[Event "Schachfestival 2018 Open"]
[Site "Bad Woerishofen"]
[Date "2018.02.24"]
[Round "3.26"]
[White "Herold, Gunter"]
[Black "Hanisch, Sebastian"]
[Result "1-0"]
[WhiteElo "1949"]
[BlackElo "2095"]
[Annotator "chessorg"]
[PlyCount "39"]
[EventDate "2018.??.??"]
[WhiteTeam "SC Kaufbeuren"]
[BlackTeam "SC Kempten 1878"]

1. e4 d6 2. f4 Nf6 3. Nc3 g6 4. Bc4 c6 5. Bb3 Bg7 6. Nf3 O-O 7. O-O b5 8. d3 a5
9. a4 b4 10. Ne2 Qb6+ 11. Kh1 Nbd7 12. Qe1 Ba6 13. Qh4 Qc7 14. f5 Nc5 15. fxg6
hxg6 16. Ng5 Ncd7 17. Nf4 d5 18. exd5 Rfd8 19. d6 Qxd6 20. Bxf7+ 1-0

[Event "Schachfestival 2018 Open"]
[Site "Bad Woerishofen"]
[Date "2018.02.24"]
[Round "3.28"]
[White "Boldt, Heinrich"]
[Black "Grohde, Wolfgang"]
[Result "0-1"]
[WhiteElo "1853"]
[BlackElo "2073"]
[Annotator "chessorg"]
[PlyCount "46"]
[EventDate "2018.??.??"]
[WhiteTeam "TSV Kareth-Lappersdorf"]
[BlackTeam "Agon Neumuenster"]

1. d4 Nf6 2. Nf3 g6 3. Bf4 Bg7 4. e3 c5 5. c3 Qb6 6. Qb3 d6 7. dxc5 Qxc5 8.
Bb5+ Nc6 9. Nbd2 O-O 10. Be2 e5 11. Bg5 d5 12. Bxf6 Bxf6 13. Qb5 Qxb5 14. Bxb5
Be6 15. Nb3 a6 16. Be2 b6 17. h3 a5 18. Bb5 Na7 19. Be2 Rac8 20. Rd1 Rfd8 21.
O-O a4 22. Nbd2 a3 23. Rb1 Bf5 0-1

[Event "Schachfestival 2018 Open"]
[Site "Bad Woerishofen"]
[Date "2018.02.24"]
[Round "3.31"]
[White "Auschkalnis, Reinhard"]
[Black "Remensberger, Paul"]
[Result "0-1"]
[WhiteElo "1755"]
[BlackElo "2056"]
[Annotator "chessorg"]
[PlyCount "36"]
[EventDate "2018.??.??"]
[WhiteTeam "SC Bonn Beuel"]
[BlackTeam "Herrliberg"]

1. e4 e6 2. d4 d5 3. Nc3 Bb4 4. exd5 exd5 5. Bd3 Nf6 6. Qf3 Bg4 7. Qg3 Bd6 8.
Bf4 Bxf4 9. Qxf4 O-O 10. Nf3 Re8+ 11. Ne2 Nbd7 12. h3 Bh5 13. O-O Ne4 14. Ng3
Bxf3 15. gxf3 Ng5 16. Kg2 Ne6 17. Qd2 Qh4 18. c3 Nf4+ 0-1

[Event "Schachfestival 2018 Open"]
[Site "Bad Woerishofen"]
[Date "2018.02.24"]
[Round "3.37"]
[White "Margraf, Christoph"]
[Black "Kuempers, Ulrich"]
[Result "1-0"]
[WhiteElo "1928"]
[BlackElo "2020"]
[Annotator "chessorg"]
[PlyCount "35"]
[EventDate "2018.??.??"]
[WhiteTeam "SC Ansbach 1855 e.V."]
[BlackTeam "SC Tarrasch 45 Muenchen"]

1. d4 Nf6 2. Nc3 d5 3. Bg5 Bf5 4. Bxf6 exf6 5. e3 c6 6. Bd3 Bg6 7. Qf3 Bd6 8.
Nge2 O-O 9. Bxg6 hxg6 10. h4 Re8 11. g3 Qb6 12. h5 Nd7 13. hxg6 fxg6 14. O-O-O
Bb4 15. e4 dxe4 16. Nxe4 f5 17. Ng5 Be7 18. Rh8+ 1-0

[Event "Schachfestival 2018 Open"]
[Site "Bad Woerishofen"]
[Date "2018.02.24"]
[Round "3.40"]
[White "Kluegel, Jan"]
[Black "Diotallevi, Maurizio"]
[Result "0-1"]
[WhiteElo "1846"]
[BlackElo "2003"]
[Annotator "chessorg"]
[PlyCount "38"]
[EventDate "2018.??.??"]
[WhiteTeam "SV VHS Rendsburg"]

1. d4 d5 2. Bf4 Nf6 3. e3 c5 4. c3 Qb6 5. Qb3 c4 6. Qc2 g6 7. Nd2 Bf5 8. Qc1
Nbd7 9. f3 e5 10. dxe5 Nh5 11. Nxc4 dxc4 12. g4 Nxf4 13. exf4 Be6 14. Ne2 Bc5
15. Qc2 Bf2+ 16. Kd1 Qe3 17. Qe4 Qxe4 18. fxe4 Bxg4 19. Bg2 O-O-O 0-1

[Event "Schachfestival 2018 Open"]
[Site "Bad Woerishofen"]
[Date "2018.02.24"]
[Round "3.42"]
[White "Schleich, Theo"]
[Black "Fenske, Wolfgang"]
[Result "1-0"]
[WhiteElo "1988"]
[BlackElo "1888"]
[Annotator "chessorg"]
[PlyCount "33"]
[EventDate "2018.??.??"]
[WhiteTeam "Muenchener SC 1836 e.V."]

1. d4 Nf6 2. Bg5 g6 3. Nc3 Bg7 4. e4 d6 5. Qd2 O-O 6. O-O-O c6 7. f3 Qc7 8. Bh6
Nbd7 9. h4 Nh5 10. Nge2 Ndf6 11. g4 Bxh6 12. Qxh6 Bxg4 13. fxg4 Nxg4 14. Qg5
Nf2 15. Rg1 Nxd1 16. Kxd1 e5 17. Qxh5 1-0

[Event "Schachfestival 2018 Open"]
[Site "Bad Woerishofen"]
[Date "2018.02.24"]
[Round "3.44"]
[White "Riegler, Dieter"]
[Black "Storkebaum, Ulrike"]
[Result "1/2-1/2"]
[WhiteElo "1999"]
[BlackElo "1791"]
[Annotator "chessorg"]
[PlyCount "41"]
[EventDate "2018.??.??"]
[WhiteTeam "SF Heidelberg"]
[BlackTeam "SAbt TEC Darmstadt"]

1. d4 Nf6 2. c4 g6 3. Nc3 Bg7 4. e4 d6 5. Nf3 O-O 6. h3 a5 7. g4 Na6 8. Be3 c5
9. d5 Nc7 10. Be2 e6 11. Nd2 exd5 12. cxd5 Nd7 13. Qc2 b6 14. Nc4 Qe7 15. Bf4
Ne5 16. Bxe5 Bxe5 17. Nxb6 Rb8 18. Nc4 Bd4 19. Rc1 f5 20. exf5 gxf5 21. g5
1/2-1/2

[Event "Schachfestival 2018 Open"]
[Site "Bad Woerishofen"]
[Date "2018.02.24"]
[Round "3.45"]
[White "Tochtrop, Matthias"]
[Black "Lindenmair, Anton"]
[Result "1/2-1/2"]
[WhiteElo "2173"]
[BlackElo "1993"]
[Annotator "chessorg"]
[PlyCount "29"]
[EventDate "2018.??.??"]
[BlackTeam "DBSB"]

1. c4 Nf6 2. g3 g6 3. Bg2 Bg7 4. Nc3 O-O 5. d3 c5 6. a3 Nc6 7. Rb1 b6 8. e3 Bb7
9. Nge2 e6 10. Nf4 Rb8 11. O-O Ne7 12. e4 d5 13. exd5 exd5 14. Re1 dxc4 15.
dxc4 1/2-1/2

[Event "Schachfestival 2018 Open"]
[Site "Bad Woerishofen"]
[Date "2018.02.24"]
[Round "3.47"]
[White "Wahl, Peter"]
[Black "Koch, Harald"]
[Result "0-1"]
[WhiteElo "1820"]
[BlackElo "1918"]
[Annotator "chessorg"]
[PlyCount "48"]
[EventDate "2018.??.??"]
[BlackTeam "SK Kissing"]

1. d4 Nc6 2. d5 Nb8 3. g3 Nf6 4. Bg2 g6 5. e4 d6 6. f4 Bg7 7. Ne2 c6 8. dxc6
Nxc6 9. Nbc3 O-O 10. Be3 Qa5 11. a3 Ng4 12. Bg1 Be6 13. h3 Nh6 14. b4 Qc7 15.
Nd5 Qd8 16. Rb1 f5 17. c4 fxe4 18. Bxe4 Bf7 19. Bd4 Nxd4 20. Nxd4 e6 21. Ne3 e5
22. Ne2 exf4 23. Nxf4 Qe7 24. Qd3 Rae8 0-1

[Event "Schachfestival 2018 Open"]
[Site "Bad Woerishofen"]
[Date "2018.02.24"]
[Round "3.48"]
[White "Santl, Anton"]
[Black "Bangert, Ruediger"]
[Result "1-0"]
[WhiteElo "1891"]
[BlackElo "1563"]
[Annotator "chessorg"]
[PlyCount "55"]
[EventDate "2018.??.??"]
[WhiteTeam "Schach-Union Muenchen e.V."]
[BlackTeam "Ohne"]

1. Nf3 b6 2. g3 Bb7 3. Bg2 Nc6 4. d4 e6 5. O-O Nf6 6. c4 Bd6 7. Nc3 O-O 8. e4
Ne8 9. a3 f6 10. b4 a6 11. c5 bxc5 12. bxc5 Be7 13. Be3 Na5 14. Qa4 c6 15. Rab1
Qc7 16. Rb6 d6 17. Qxa5 dxc5 18. dxc5 Rb8 19. Rfb1 Qc8 20. Qb4 a5 21. Qb3 a4
22. Nxa4 Nc7 23. Rxb7 Ra8 24. Bf4 Nb5 25. Rxe7 Rxa4 26. Qxa4 Nc3 27. Qa7 Ne2+
28. Kf1 1-0

[Event "Schachfestival 2018 Open"]
[Site "Bad Woerishofen"]
[Date "2018.02.25"]
[Round "4.1"]
[White "Pirrot, Dieter"]
[Black "Pap, Misa"]
[Result "0-1"]
[WhiteElo "2364"]
[BlackElo "2502"]
[Annotator "chessorg"]
[PlyCount "98"]
[EventDate "2018.??.??"]
[WhiteTeam "SV 1920 Hofheim"]
[BlackTeam "SC Hansa Dortmund e.V."]

1. e4 e5 2. Nf3 Nc6 3. Bc4 Bc5 4. c3 Nf6 5. d4 exd4 6. cxd4 Bb4+ 7. Bd2 Bxd2+
8. Nbxd2 d5 9. exd5 Nxd5 10. Qb3 Nce7 11. O-O O-O 12. Rfe1 c6 13. Rac1 a5 14.
a4 Ra7 15. Ne4 Nb6 16. Nd6 Nxc4 17. Nxc8 Nxc8 18. Qxc4 Nb6 19. Qb3 Nd5 20. g3
Qb8 21. Ne5 Rd8 22. Re2 Ra8 23. h4 Qc7 24. h5 Nf6 25. h6 Rxd4 26. Rce1 gxh6 27.
Qe3 Re4 28. Qf3 Qxe5 29. Rxe4 Nxe4 30. Rxe4 Qd6 31. Rg4+ Kf8 32. Rf4 Qd5 33.
Qc3 Re8 34. Qh8+ Ke7 35. Qf6+ Kd7 36. Qxf7+ Re7 37. Qxd5+ cxd5 38. Rf6 Re6 39.
Rf7+ Kc6 40. f4 d4 41. f5 Re5 42. Kf2 d3 43. Rf6+ Kc5 44. Rxh6 d2 45. Rh1 Kd4
46. g4 Kd3 47. f6 Re2+ 48. Kg3 Re1 49. Rxh7 d1=Q 0-1